| 000 | 00347nam a2200133Ia 4500 | ||
|---|---|---|---|
| 008 | 220204s9999 xx 000 0 und d | ||
| 082 |
_a634.31 _bSIL |
||
| 100 | _aSILVERSTEIN, Alvin | ||
| 245 | 0 | _aOranges: All about them | |
| 260 |
_aNew Jersey _bPrentice Hall _c1975 |
||
| 650 | _aOrange cultivation | ||
| 700 | _aSILVERSTEIN, V B | ||
| 942 | _cBK | ||
| 999 |
_c34839 _d34839 |
||